00817nam a2200241 i 4500001001100000003000500011005001700016008004100033040002500074082001600099090002200115100004300137245008600180264007800266300002300344336002100367337002500388338002300413650003000436942001000466999001700476952008200493C2-0268253PPAK20180727235224.0060808s2004 my |||| ||||| | may d aPPAKbengcPPAKerda04a349.59522300a349.595bMALdKAR0 aMalaysia Low Journal Sdn Bhd, eauthor10aUndang - Undang Malaysia bPeraturan-Peraturan Pilihan Raya (Pengundian Pos) 2003 1aKuala Lumpur : bPesuruhjaya Penyemak Undang - Undang , Malaysia , c2004 a19 pages ; c25 cm 2rdacontentatext 2rdamediaaunmediated 2rdacarrieravolume10aMalaysia-Laws Of Malaysia ddccB c77082d77082 0071bBLcKARd2005-11-30oKAR 349.595 MALpA00500811r2018-05-09 00:00:00yB